[Event "Saint Louis Rapid & Blitz 2022"]
[Site "Chess.com"]
[Date "2022.08.30"]
[Round "27"]
[White "Firouzja, Alireza"]
[Black "Dominguez Perez, Leinier"]
[Result "1-0"]
[WhiteElo "2778"]
[BlackElo "2754"]
[EventDate "2022.??.??"]
[Annotator "Rafael Leitão"]
[PlyCount "73"]
[Beauty "7908112471603"]
[EventType "blitz"]
[TimeControl "180+2"]

1.c4 {Firouzja achieved an insane score playing the English Opening in the blitz part of the tournament.} 1...c5 2.g3 g6 3.Bg2 Bg7 4.Nc3 Nc6 5.d3 d6 6.Qd2 {This move looks funny, but it's typical in this line. White wants to develop with b3 followed by Bb2.} 6...e6 {All types of development are possible here: …e6-Nge7, …e5-Nge7 or simply …Nf6. All roads lead to equality, but in a blitz game that doesn't matter so much.} ( 6...e5 ) ( 6...Nf6 ) 7.b3 Nge7 8.Bb2 O-O 9.Nf3 d5 $1 {White's opening system is somewhat passive and this central push, even though the d-pawn is moved for the second time, fights for the initiative. Other plans are possible as well.} ( 9...b6 10.O-O Bb7 ) ( 9...a6 10.O-O Rb8 ) 10.O-O $6 {Black is already better after this move. Since White's b2-bishop will be out of play in the coming moves, it's better to exchange it right now with} ( 10.Na4 $1 {The position is equal after} 10...Bxb2 11.Qxb2 ) 10...d4 $1 11.Na4 b6 $15 {Both the b2-bishop and the a4-knight are misplaced. Black has a clear plan with …Bb7,...e5 and so on.} 12.e3 e5 13.exd4 exd4 14.a3 a5 {Black is understandably worried with the b4-push, since this gives White counterplay. But after} ( 14...Bb7 15.b4 Qd7 $1 {The knight loses its protection. If now} 16.bxc5 $2 Nd8 $1 17.Qc2 $6 Bc6 {Black wins a piece.} ) 15.Rfe1 Rb8 16.Bc1 $1 {A very good plan, especially for blitz, where it's useful if you have a clear path of action. Firouzja wants to play Qd1 followed by Ra2-e2 and improve his pieces.} 16...h6 17.Qd1 $6 ( 17.h4 $1 {It's important to avoid Black's next move.} ) 17...g5 $1 {Gaining space, taking the f4-square from the bishop and giving an extra square for the knight on g6. Yes, it weakens the king a little. But there is always a price to pay, although it seems to be a small one for all the benefits.} 18.Ra2 Bd7 $6 ( 18...Qd6 $1 {is better, bringing the queen to the action before developing the bishop.} 19.h4 f6 $1 {and Black is fine because the sacrifices on g5 are not dangerous with the queen nearby.} ) 19.h4 $1 g4 ( 19...f6 {Now the sacrifices are very dangerous to meet. White can choose to sacrifice the bishop or the knight.} 20.hxg5 fxg5 21.Bxg5 $1 ( 21.Nxg5 hxg5 22.Bxg5 {also gives some compensation.} ) 21...hxg5 22.Nxg5 {and the computer gives the classic 0.00 (equal) evaluation, but in a blitz game anything can happen. I would prefer to play with the white pieces.} ) 20.Nh2 h5 21.f3 $2 ( 21.Bf4 $1 {is better.} ) 21...Ne5 $2 ( 21...Be5 $1 {gives Black a nearly winning positional advantage. White will be forced to play f3-f4 and his pieces are very poorly placed.} 22.Nf1 ( 22.fxg4 Bxg3 $19 ) 22...Qc7 {and White has to play the sad 23.f4, giving Black a much better pawn structure and more active pieces.} ) 22.fxg4 hxg4 ( 22...Nxg4 23.Nxg4 Bxg4 24.Bf3 $14 ) ( 22...Bxg4 {is better.} 23.Nxg4 Nxg4 {with equal chances.} ) 23.Rae2 ( 23.Rxe5 $1 {White gets some chances to execute the exchange sacrifice before it's finally played in the game.} 23...Bxe5 24.Nxg4 {with good compensation.} ) 23...f6 24.Re4 ( 24.Rxe5 $5 {Again this is interesting.} 24...fxe5 25.Nxg4 Bc6 $1 26.Nh6+ Kh8 27.Qh5 Qe8 $1 {and Black is able to maintain equality.} ) 24...Bc6 $2 {Now Firouzja gets to play the best possible version of the exchange sacrifice.} ( 24...Qc8 $1 {defending the g4-pawn is necessary. But this is a very difficult move to play in a blitz game.} ) 25.Nxg4 $1 {Here it goes. What a delicious move to play $1} 25...Bxe4 26.Rxe4 {White has excellent compensation for the exchange, with a pawn, the light squares and attacking chances.} 26...Nxg4 27.Rxg4 f5 28.Rg5 Rf6 29.Bf4 Rc8 30.Be5 {Firouzja's play is effortless. His moves are natural and good.} 30...Rg6 31.Bd5+ Kf8 ( 31...Nxd5 32.Rxg6 $18 ) 32.Qh5 $1 Bxe5 ( 32...Rxg5 33.Qf7# ) 33.Rxg6 Nxg6 34.Qxg6 Qc7 35.Nxb6 Rd8 36.Qg8+ Ke7 37.Qf7+ {A great game to crown a monumental performance by Firouzja.} 1-0

[Event "Chess.com Global Championship Knockout"]
[Site "Chess.com"]
[Date "2022.09.17"]
[Round "1"]
[White "Mitrabha, Guha"]
[Black "Duda, Jan Krzysztof"]
[Result "0-1"]
[WhiteElo "2471"]
[BlackElo "2731"]
[EventDate "2022.??.??"]
[Annotator "Rafael Leitão"]
[PlyCount "66"]
[Beauty "8178426989628"]
[EventType "team-tourn"]
[TimeControl "900+2"]

{Duda had no problem winning his match with a perfect score. I consider the young Polish GM one of the favorites to win the tournament.} 
1.c4 e5 2.Nc3 Nf6 3.Nf3 Nc6 4.e4 {This system is very popular nowadays. It was used, for instance, by Niemann in his victory against Mamedyarov in the Sinquefield Cup.} 4...Bb4 {Mamedyarov chose 4...Bc5, a more combative move that leads to complicated positions. The move played by Duda is more reliable.} 5.d3 d6 6.a3 Bc5 $1 {I played many online games with White in this system, and many of my opponents preferred to play 6...Bxc3. Of course, it's too much criticism to call this capture a mistake, but it makes White's play much easier with the bishop pair, good central control, and a clear plan of attack on the kingside.} 7.b4 Bb6 8.Be3 Bg4 9.Be2 O-O 10.O-O Bxf3 11.Bxf3 Nd4 12.Na4 c6 {I found just one game with this move.} ( 12...Nxf3+ {is the main line.} 13.Qxf3 Bxe3 {And now White can capture with the pawn (the move I prefer) or with the queen with equal chances in both cases.} 14.fxe3 ( 14.Qxe3 ) ) 13.Nxb6 axb6 {A new move.} ( 13...Qxb6 {was played in Raahul - Aditya, Abu Dhabi 2022.} ) ( 13...Nxf3+ {This is probably the best option.} 14.Qxf3 axb6 15.d4 Qe7 {with a small advantage for White because of the bishop against knight and more space, but since Black has the open a-file, it's not such a big deal.} ) 14.Bxd4 exd4 15.Qd2 ( 15.g3 {Followed by Bg2 and f4 is very natural.} ) 15...Nd7 16.Bg4 Ne5 17.Bd1 $6 {An unfortunate square for the bishop. Black's plan is to play g7-g5, so the bishop should be ready to land on f5.} ( 17.Bh3 g5 18.Bf5 $1 {And this is a much-improved version for White of the position we will have in the game.} ) 17...g5 $1 {The knight must be secured on its excellent post. Of course, generally, we should not advance the pawns in front of our king, but there is a good reason for this concession. This idea is also very common in the Benoni Defense, among others.} 18.f4 {White decides to open the kingside immediately. The problem with this plan is that now the knight can never be dislodged from e5. It's reasonable to try 18.g3 before playing f4, but this doesn't give an advantage.} ( 18.g3 f5 $5 ( 18...Kh8 {is also possible.} 19.f4 gxf4 20.gxf4 Rg8+ 21.Kh1 Qf6 $1 {with active play for Black.} ) 19.f4 gxf4 20.gxf4 Ng6 {with a good position for Black.} ) 18...gxf4 19.Rxf4 Kh8 20.Rf5 Rg8 21.a4 Rg7 22.Be2 Qh4 23.Rh5 Qe7 {Despite the open g-file and the monster e5-knight, it's not easy for Black to make progress. The computer assesses the position as equal. But Mitrabha had lost the first game, so he evidently was not in the mood for playing safely and making a draw. His attempt to create active play on the queenside, however, will cost him the game.} 24.Qb2 $6 {The queen is better placed on d2, controlling the dark squares around White's king.} ( 24.g3 ) 24...c5 25.a5 $2 {This is too optimistic. Black is ready to start a devastating kingside attack now.} 25...Qf6 ( 25...Rag8 26.g3 f5 $3 {leads to a pretty win, for instance:} 27.Rxf5 ( 27.exf5 Nxd3 $1 28.Bxd3 Qe3+ 29.Qf2 Rxg3+ $1 30.hxg3 Rxg3+ 31.Kf1 Qxd3+ 32.Qe2 Rf3+ 33.Ke1 Qc3+ {and Black wins.} ) 27...Rxg3+ 28.hxg3 Rxg3+ 29.Kf1 Qh4 {and White's king is helpless.} ) 26.Rf5 ( 26.bxc5 Rxg2+ $1 27.Kxg2 Rg8+ 28.Kh1 Qf2 {and Black wins.} ) 26...Qh6 27.axb6 $2 {This allows a decisive combination.} ( 27.bxc5 {is more stubborn.} ) 27...Qe3+ 28.Kf1 ( 28.Kh1 Rxa1+ {This is the reason why 27.axb6 is bad: Black benefits from the opening of the a-file.} 29.Qxa1 Qxe2 ) 28...Rag8 29.g3 ( 29.Rf2 Qxf2+ $1 {Black wins after:} 30.Kxf2 Rxg2+ 31.Ke1 ( 31.Kf1 Rg1+ 32.Kf2 R8g2# ) 31...Nxd3+ 32.Bxd3 Rxb2 ) 29...Rxg3 $1 {This move was begging to be played.} 30.hxg3 Qxg3 {The combined attack of queen, rook, and knight is too strong.} 31.Bf3 Qg1+ 32.Ke2 Qe3+ 33.Kd1 Rg1+ 0-1

[Event "Chess.com Global Championship Knockout"]
[Site "Chess.com"]
[Date "2022.09.22"]
[Round "2"]
[White "Hansen, Eric"]
[Black "Dominguez Perez, Leinier"]
[Result "0-1"]
[WhiteElo "2613"]
[BlackElo "2745"]
[EventDate "2022.??.??"]
[Annotator "rafael"]
[PlyCount "90"]
[Beauty "7289230591009"]
[EventType "team-tourn"]
[TimeControl "900+2"]

1.e4 e5 2.Nf3 Nf6 3.Nc3 {Needing the win to equalize the match, Hansen decides to run away from a theoretical battle in the main lines of the Petrov Defense.} 3...Nc6 4.Bb5 Nd4 {This is probably the most reliable move for Black. I've seen Dominguez play since the beginning of his international career in the early 2000s and at that time he already had a reputation for having a well-studied opening repertoire.} 5.O-O c6 6.Ba4 $6 {This is inaccurate.} ( 6.Bd3 {is a better try.} ) 6...a5 $1 {A very good move that makes the bishop feel awkward on the queenside. A very similar idea was tried in a game that I analyzed previously from this same tournament (Bortnyk - Xiong, CGC KO 2022).} 7.Bb3 {Hansen spent a long time on this move, a clear indication that he wasn't feeling very comfortable.} 7...d6 8.Ng5 $6 {This is not a good move, but Hansen certainly didn't like his position and was trying to change the trend of the game. 8.Nxd4 or 8.h3 are better, although Black has the advantage in both cases.} ( 8.Nxd4 exd4 9.Ne2 ) ( 8.h3 ) 8...Nxb3 ( 8...d5 $1 {is even better. My computer claims that Black is already close to winning after} 9.exd5 Nxd5 $1 {This was actually played in an email game: Wilshusen - Rekhtman, ICCF email 2017.} ) 9.axb3 h6 10.Nf3 Bg4 $6 {This a very natural move, but the pin is not so dangerous.} ( 10...Be7 {gives a clear advantage for Black, thanks to the bishop pair.} ) 11.h3 Bh5 12.d3 $6 ( 12.d4 $1 {White can fight for the initiative with this move. It's a pawn sacrifice, but it's better for Black not to accept it, since after} 12...Bxf3 ( 12...Qc7 {is better:} 13.Qd3 Be7 14.dxe5 dxe5 15.Nh4 {with a small advantage for White.} ) 13.Qxf3 exd4 14.Ne2 c5 15.c3 $1 dxc3 16.Nxc3 {White has excellent compensation for the pawn.} ) 12...Be7 13.Kh1 {A useful move in order to play g4 or Ne2, as in the game.} ( 13.Ne2 $5 {is also possible:} 13...Bxf3 14.gxf3 {Followed by 15.f4.} ) 13...Nd7 14.Ne2 $5 Bxf3 ( 14...O-O {What is more important: a better pawn structure or the bishop pair $2 Not an easy answer and it's very tempting to capture the knight. But the machine prefers to keep the bishop.} 15.g4 Bg6 16.Ng3 d5 {with a slight advantage for Black.} ) 15.gxf3 Bg5 16.Rg1 $2 {Hansen was already very low on time and this is probably the reason why he played this losing move.} ( 16.f4 $1 {is forced: the pawn structure needs to be improved while there is still time.} 16...exf4 17.Bxf4 Bxf4 18.Nxf4 {with chances for both sides.} ) 16...Qf6 $1 {Now the pawn is stuck on f3 and White is completely paralyzed.} 17.Ng3 Bxc1 18.Rxc1 g6 19.Ra1 Nf8 $1 {Improving the knight's position.} 20.Nf1 Ne6 21.Nd2 b5 $1 22.Rg3 h5 23.Nf1 O-O 24.Ne3 Kh7 25.Ng2 a4 {Black dominates the entire board. A dream position, especially if you only need to make a draw to win the match.} 26.b4 Rad8 27.c3 d5 $1 28.Qe2 d4 29.Rg1 Ra8 ( 29...Nf4 {wins on the spot after} 30.Nxf4 exf4 31.Rg5 dxc3 32.bxc3 Qxc3 ) 30.Qc2 a3 $1 31.c4 a2 32.Ra1 h4 33.Rg4 Qxf3 {Black's position is totally winning, but both players had only a few seconds left. Anything can happen in these situations.} 34.Kh2 Qf6 ( 34...bxc4 {is the most clear-cut way of winning.} 35.Ne1 ( 35.Qxc4 Qxf2 36.Rxa2 Rxa2 37.Qxa2 Nf4 ) 35...Qf6 36.dxc4 d3 $5 37.Nxd3 Rfd8 {and white's position is collapsing.} ) 35.cxb5 cxb5 36.Nxh4 Nf4 37.Nf3 Rac8 ( 37...Kg7 {is better.} ) 38.Qd2 Kg7 $2 {But now this is a blunder.} ( 38...Nh5 $1 {is necessary, in order to prevent the next move.} ) 39.Nxe5 $1 {Hansen exploits a tactical idea to equalize the game.} 39...Qxe5 40.Qxf4 Qxf4+ 41.Rxf4 Ra8 42.e5 $2 {The last mistake. White needed to go back with the rook immediately. A normal game would likely end in a draw, but who knows what would happen with each player down to mere seconds on the clock.} ( 42.Rg4 $1 Rfc8 43.Rg2 Rc2 44.f4 Rxg2+ 45.Kxg2 {With a probable draw.} ) 42...Rfc8 $1 {Now the rook goes to c2 and the game is decided.} 43.Rxd4 Rc2 44.Kg3 Rxb2 45.Rd7 Rb1 0-1

[Event "Chess.com Global Championship Knockout"]
[Site "Chess.com"]
[Date "2022.09.28"]
[Round "2"]
[White "Radjabov, Teimour"]
[Black "Erigaisi, Arjun"]
[Result "1-0"]
[WhiteElo "2747"]
[BlackElo "2725"]
[EventDate "2022.??.??"]
[Annotator "rafael"]
[PlyCount "93"]
[Beauty "7220242713135"]
[EventType "team-tourn"]

{Radjabov missed an incredible chance in the third game, which would have ended the match. He showed a lot of mental strength to bounce back after the loss in the next game and play excellently at armageddon.} 
1.d4 Nf6 2.c4 e6 3.Nf3 d5 4.Nc3 Bb4 {The Ragozin Defense is one of the most popular at the high level right now.} 5.cxd5 exd5 6.Bf4 {A less popular move than the more natural development with 6.Bg5, but which also has its supporters at the highest level. Radjabov has played this system a few times.} 6...O-O ( 6...Ne4 {is a serious alternative.} ) 7.Rc1 Bf5 {This is a rare move.} ( 7...c6 {is the main try.} ) 8.a3 Bxc3+ {This move is a novelty, but it had been suggested by GM Krasenkow in his analysis of the game Svidler-Giri, 2015, in which 8...Ba5 $6 was played.} 9.Rxc3 c6 ( 9...Ne4 {This is more accurate, as it avoids the move that will be played by Radjabov.} 10.Rc1 c6 {with balanced position.} ) 10.e3 ( 10.Nd2 $5 {is the machine's suggestion, guarding against a possible Ne4. The move is unnatural for a human; after all, we want to finish the development of the pieces as soon as possible.} 10...Qb6 11.Rb3 Qxd4 12.e3 Qa4 13.Rxb7 Qxd1+ 14.Kxd1 Nbd7 {and the computer keeps trying to demonstrate an advantage to White in this endgame, which seems hard to believe since Black has the best development.} ) 10...Ne4 11.Rb3 $5 {A curious move that poses some problems for Black.} ( 11.Rc1 Nd7 {with a good position for Black.} ) 11...Nd7 {Erigaisi decides to sacrifice the pawn. That will be the reason for his misfortune a few moves later.} ( 11...b5 {If Black decides to advance the b-pawn, then it is better to move two squares.} 12.Nd2 Nxd2 13.Qxd2 Nd7 {With the idea of Nb6-c4, with an acceptable position.} ) ( 11...b6 {is not so accurate because White has an inconvenient move putting the bishop on a6:} 12.Nd2 Nxd2 13.Qxd2 Nd7 14.Ba6 $1 ) ( 11...c5 $1 {is the best.} 12.dxc5 ( 12.Rxb7 {is very risky here.} 12...c4 13.Be2 Qa5+ 14.Nd2 g5 15.Bg3 Nc6 {with strong compensation for the pawn.} ) 12...Nxc5 13.Rb5 ( 13.Rc3 Ne4 14.Rd3 Nc6 $1 15.Rxd5 Qf6 {with a dangerous initiative.} ) 13...b6 14.Be2 {with chances for both sides.} ) 12.Be2 ( 12.Rxb7 {There's actually nothing much wrong with capturing this pawn, but it's certainly not the easiest move to make in a rapid game. Radjabov avoids this capture until he is literally forced to by his opponent.} 12...c5 13.Bd3 {and Black doesn't have enough compensation.} ) 12...c5 ( 12...b5 {followed by Nb6-c4, is better.} ) 13.O-O c4 $2 ( 13...b6 {It is better to defend the pawn once and for all.} 14.dxc5 bxc5 15.Nd2 Nef6 {with a small advantage for White because of the bishop pair, but nothing from another planet.} ) 14.Rxb7 {White's rook is not in as grave danger as it appears at first glance.} 14...Nb6 ( 14...g5 {is brutally refuted by} 15.Nxg5 $1 Nxg5 16.Bg4 {and White gains more material.} ) 15.Ne5 $1 Qc8 16.Re7 c3 ( 16...Qd8 $2 17.Nc6 ) ( 16...f6 {I imagine that was Erigaisi's initial intention, but White gets the advantage with a series of precise moves.} 17.f3 $1 Nd6 ( 17...fxe5 18.fxe4 exf4 19.exf5 fxe3 20.f6 $1 {and Black's king is homeless.} ) 18.e4 $1 {The most incisive.} 18...dxe4 19.fxe4 Nxe4 20.Qc1 $3 {and White gets a big advantage since accepting the gifted knight is bad:} 20...fxe5 $6 21.Bxe5 {with a decisive attack.} ) 17.bxc3 ( 17.g4 $5 ) 17...Nxc3 18.Qd2 f6 $2 {This move loses to Radjabov's brilliant response.} ( 18...Nxe2+ 19.Qxe2 Re8 20.Rxe8+ Qxe8 {and Black would have to fight for a draw in this difficult position a pawn down.} ) 19.Bf3 $3 {A brilliant move, sacrificing the knight but taking advantage of the tactical themes associated with the Rc1 move and exploiting the pin on the c3-knight.} 19...fxe5 20.Bxe5 Rf7 21.Rxf7 Kxf7 22.Rc1 Nba4 23.Bxd5+ $1 {The justification of White's play.} 23...Be6 ( 23...Nxd5 24.Rxc8 Rxc8 25.h3 {with an easy win.} ) 24.Bf3 {Here and in the next moves White has several alternatives that are also winning. Radjabov plays it safe and converts his advantage smoothly.} 24...Bg4 25.Bxa8 Ne2+ 26.Qxe2 Qxc1+ 27.Qf1 Qc2 ( 27...Qxa3 28.Qc4+ Be6 29.d5 $18 ) 28.Bd5+ Ke7 29.f3 Nc3 30.Qc4 Qc1+ 31.Kf2 Nd1+ 32.Ke2 Qxc4+ 33.Bxc4 Nb2 34.Bb3 Bd7 35.d5 Bb5+ 36.Kd2 Nc4+ 37.Bxc4 Bxc4 38.e4 Bf1 39.g3 g6 40.Ke3 a6 41.Bc3 Kd6 42.Bb4+ Kd7 43.e5 Bh3 44.e6+ Kc7 45.Kd4 Bg2 46.d6+ Kc6 47.d7 1-0